|
|
|
|
| LEADER |
01363nam a22003257a 4500 |
| 001 |
40077 |
| 003 |
BD-DhAAL |
| 005 |
20221204132305.0 |
| 008 |
221204t1996 enka|||| b||| 001 0 eng d |
| 999 |
|
|
|c 45112
|d 45112
|
| 020 |
|
|
|a 1857881354
|
| 040 |
|
|
|a BD-DhAAL
|
| 082 |
|
|
|a 330.122
|
| 100 |
|
|
|a Thurow, Lester C.
|9 52689
|
| 245 |
|
|
|a The future of capitalism :
|b how today's economic forces shape tomorrow's world /
|c Lester C. Thurow.
|
| 250 |
|
|
|a First edition
|
| 260 |
|
|
|a New York :
|b W. Morrow,
|c c1996.
|
| 300 |
|
|
|a x, 385 pages ;
|c 24 cm.
|
| 504 |
|
|
|a Includes bibliographical references (p. [329]-369) and index.
|
| 541 |
|
|
|a Donated by Akbar Ali Khan
|e 40077
|
| 650 |
|
|
|a Economic forecasting.
|9 52690
|
| 650 |
|
|
|a Capitalism
|x Forecasting.
|9 52691
|
| 650 |
|
|
|a Technological innovations
|x Economic aspects
|x Forecasting.
|9 52692
|
| 650 |
|
|
|a Skilled labor
|x Forecasting.
|9 52693
|
| 650 |
|
|
|a International economic relations
|x Forecasting.
|9 52694
|
| 650 |
|
|
|a Twenty-first century
|x Forecasting.
|9 52695
|
| 651 |
|
|
|a United States
|x Economic conditions
|y 1981-2001.
|9 52696
|
| 852 |
|
|
|a Ayesha Abed Library
|c Akbar Ali Khan Collection
|
| 942 |
|
|
|2 ddc
|c BK
|
| 952 |
|
|
|0 0
|1 0
|2 ddc
|4 0
|6 330_122000000000000_THU
|7 1
|9 72429
|a BRACUL
|b BRACUL
|c CS1
|d 2022-12-04
|e Donated by Akbar Ali Khan
|g 3271.51
|l 0
|o 330.122 THU
|p 3010040077
|r 2022-12-04
|t 1
|v 3271.51
|w 2022-12-04
|y BK
|